00809cam a2200205 a 450000100100000000500170001000800410002703500190006804000300008705000260011710000260014324501360016926000510030530000460035649000460040250000430044860000320049170000320052383000480055500001574920240306073909.0780116s1968 ve ach 000 0 spa  a(DLC) 75408480 aDO-SdBNPbspacDLCdBNPHU00aF2341.C2bA34 vol. 111 aÁvila, Francisco J.10aMartí en el periodismo caraqueño :bel estilo prospectivo de un maestro de la comunicación social /c[ Francisco J. Ávila]. aCaracas :bCuatricentenario de Caracas,c1968. a298 p. :bil., facsims., ports. ;c23 cm.1 aMateriales para el estudio de Caracasv11 aArtículos de J. Martí: p. 127-298.10aMartí, José,d1853-18951 aMartí, José,d1853-1895 0aMateriales para el estudio de Caracas ;v11